00542nam a22001697a 450000500170000001000120001702000260002903700300005508200120008510000170009724500840011426000470019827000650024530000200031070000230033070000190035320260228170942.0 aBACEN26 a9789381156117c595.00 bVariety Books Publisher's a005.133 aPandey, U.S. aComputer Fundamentals/cby U.S. Pandey, Harman Preet Singh [and] Varinder Kumar aNew DelhibVariety Books Publisher'sc2025 bNew Delhie110002a4638 ist floor, 21 Ansari road, daryganj, a446p.c24cm(pb) aHarman Preet Singh aVarinder Kumar